Cẩm nang mẹo vặt y khoa thực dụng: T1
Saved in:
| Main Author: | |
|---|---|
| Format: | Book |
| Language: | Undetermined |
| Published: |
Đồng Nai
Nxb. Đồng Nai
1998
|
| Subjects: | |
| Tags: |
Add Tag
No Tags, Be the first to tag this record!
|
| Institutions: | Trung tâm Học liệu Trường Đại học Cần Thơ |
|---|
| LEADER | 00591nam a2200193Ia 4500 | ||
|---|---|---|---|
| 001 | CTU_35316 | ||
| 008 | 210402s9999 xx 000 0 und d | ||
| 020 | |b 19.000đ | ||
| 082 | |a 613 | ||
| 082 | |b Tr120/T1 | ||
| 100 | |a Đặng Thị Ngọc Trâm | ||
| 245 | 0 | |a Cẩm nang mẹo vặt y khoa thực dụng: T1 | |
| 245 | 0 | |c Đặng Thị Ngọc Trâm | |
| 260 | |a Đồng Nai | ||
| 260 | |b Nxb. Đồng Nai | ||
| 260 | |c 1998 | ||
| 650 | |a health promotion,medical care,public health | ||
| 904 | |i Minh, 000224 | ||
| 980 | |a Trung tâm Học liệu Trường Đại học Cần Thơ | ||